The Europa world year book 2007 / (Record no. 136371)

MARC details
000 -LEADER
fixed length control field 00784nam a2200229 4500
010 ## - LIBRARY OF CONGRESS CONTROL NUMBER
LC control number B-208309
020 ## - INTERNATIONAL STANDARD BOOK NUMBER
International Standard Book Number 101857433629
Terms of availability 00.00
035 ## - SYSTEM CONTROL NUMBER
System control number B-208309
037 ## - SOURCE OF ACQUISITION
Stock number Cen Lib/Ret
040 ## - CATALOGING SOURCE
Original cataloging agency DPL
Language of cataloging EN
082 ## - DEWEY DECIMAL CLASSIFICATION NUMBER
Classification number 050
Item number EUR
245 ## - TITLE STATEMENT
Title The Europa world year book 2007 /
250 ## - EDITION STATEMENT
Edition statement 47th ed
260 ## - PUBLICATION, DISTRIBUTION, ETC. (IMPRINT)
Place of publication, distribution, etc London
Name of publisher, distributor, etc Routledge
Date of publication, distribution, etc 2006
270 ## - ADDRESS
Address Harines House, 21 John Street
City London
300 ## - PHYSICAL DESCRIPTION
Extent 2 v. ; (v 1. 2489 ; v 2. 2490-4914 )
500 ## - GENERAL NOTE
General note includes index
500 ## - GENERAL NOTE
General note 2 v. ; v 1. International origination countries: Afghanistan- Jordan (available) ; v 2. Countries: Kazakhstan- Zimbabwe (available)
650 ## - SUBJECT ADDED ENTRY--TOPICAL TERM
Topical term or geographic name as entry element Social indicators -- Periodicals.
650 ## - SUBJECT ADDED ENTRY--TOPICAL TERM
Topical term or geographic name as entry element Economic indicators -- Periodicals
942 ## - ADDED ENTRY ELEMENTS (KOHA)
Source of classification or shelving scheme Dewey Decimal Classification
Koha item type English Books
Classification part 050
Call number suffix EUR
Holdings
Withdrawn status Lost status Materials specified (bound volume or other part) Damaged status Not for loan Collection code Home library Current library Date acquired Source of acquisition Cost, normal purchase price Total Checkouts Full call number Barcode Date last seen Copy number Cost, replacement price Price effective from Koha item type
    v.1   Not For Loan Reference Central Library Central Library 27/02/2016 Cen Lib/Ret 0.00   050 EUR B-208309 27/02/2016 1 0.00 27/02/2016 English Books
    v.2   Not For Loan Reference Central Library Central Library 27/02/2016 Cen Lib/Ret 0.00   050 EUR B-208310 27/02/2016 2 0.00 27/02/2016 English Books

© Delhi Public Library
Hit Counter
free hit counter